01938nam a22001937a 4500003000400000005001700004008004100021024002600062040000700088050001900095110004800114245008300162246003400245260004500279300001200324500009400336505128400430650003001714OSt20210607101642.0121101t xxu||||| |||| 00| 0 eng d aGPCL/A298/05/420/2015 cLC aKRX956.A29.G34 bOffice of the Registrar of Companies, Ghana aCompanies code, 1963 (Act 179). /cOffice of the Registrar of Companies, Ghana aCompanies Act, 1963 (Act 179) aAccra:bGhana Publishing Company,c1963. a311 p.: aInsert in back cover: Companies (Amendment) Act, 2016 (Act 920). GPCL/A836/1.000/09/2018 aContents: CHAPTER 1: Preliminary -- CHAPTER 2: Provisions applicable to all companies: A. Formation of matters incidental thereto B. The company regulations C. Capacity of companies D. Commencement of business E. Membership of companies F. Shares. G. Stated capital and dividends H. Resolutions reducing capital, shares or liability I. Debentures and debenture stock J. Transfer of shares and debentures K. Branch registers L. Registration of particulars of charges M. Registered office, publication of name and annual return N. Accounts and audit O. Acts by or on behalf of the company P. General meetings and resolutions Q. Directors and secretary R. Protection against illegal or oppressive action S. Arrangements and amalgamation T. Receivers and managers U. Winding up V. Documents W. Invitations to the public CHAPTER 3: Additional provision applicable to private companies only chapter 4: Additional provision applicable to public companies only A. Prospectuses and statements in lieu of prospectus B. Dividends and transfers C. Annual returns and auditors D. General meetings E. Directors CHAPTER 5: Provisions applicable to non-Ghanaian companies CHAPTER 6: Supplementary A. Unit trusts and mutual funds B. Miscellaneous offences C. Legal proceedings D. Administration  aCorporation law .xGhana.